| 000 | 00457nam a2200157Ia 4500 | ||
|---|---|---|---|
| 008 | 240729s9999 xx 000 0 und d | ||
| 022 | _a2949-7914 | ||
| 245 | 0 | _aJournal of Economic Criminology | |
| 260 | _aUnited Kingdom | ||
| 260 | _bElsevier | ||
| 650 | _a Social pathology. Social and public welfare. Criminology | ||
| 650 | _aSocial Sciences | ||
| 856 | _uhttps://doaj.org/toc/f2c674e73c2e426b956870207b12bfd8 | ||
| 942 | _2ddc | ||
| 942 | _cDOAJEJ | ||
| 999 |
_c67345 _d67345 |
||
| 945 |
_a1 _bMadushi Gamage _c1 _dMadushi Gamage |
||